Country Flags in Reduced Colors - Statistics

General Stats
  • This quiz has been taken 1,230 times
  • The average score is 17 of 20
Answer Stats
Picture Answer % Correct
South Korea
99%
Lebanon
96%
Iceland
95%
United States
95%
Belarus
94%
Jamaica
94%
North Korea
94%
Egypt
93%
Panama
93%
Iraq
88%
Niger
87%
Botswana
85%
Uzbekistan
85%
Saint Vincent and the Grenadines
82%
Mauritania
80%
Trinidad and Tobago
80%
Armenia
75%
Rwanda
75%
Republic of the Congo
73%
Suriname
64%
No matching quizzes found
Score Distribution
Percent of People with Each Score
Percentile by Number Answered
Your Score History
You have not taken this quiz